01224nab a22001937a 4500999001500000003000400015005001700019008004100036040000700077100002900084245017300113260007200286300001300358505040400371505008900775650002300864773013000887942001301017 c6099d6099OSt20260122074101.0190502c xxu||||| |||| 00| 0 spa d cPJ aCrede, Natalia C. 9686710aAcerca de las ventajas institucionales y sociales de los programas de cumplimiento :bel inicio de un compromiso ético en el ámbito empresarial /cNatalia C. Crede. aCiudad Autónoma de Buenos Aires :bThomson Reuters La Ley,c2024. ap. 11-23 aSumario: I. Introducción.— II. Argentina: inicio hacia una cultura ética de los negocios. Ventajas en el aspecto social. Importancia de la adopción de programas de cumplimiento en el ámbito empresarial.— III. Minimización de los riesgos de responsabilidad de la empresa. Implicancias en el ámbito penal. Ventajas en el aspecto institucional.— IV. Conclusión.— V. Bibliografía t¿Te interesa el texto completo? Solicitalo al correo: koha@justierradelfuego.gov.ar 09343aDERECHO PENAL0 0272993180dBuenos Aires : LexisNexis, 2006-tRevista de derecho penal y procesal penal. Nº 12 - Diciembre 2024z9875920622 2udccANA